000 00401nam a22001697a 4500
003 MPLRDC
005 20220104144234.0
008 210129b ||||| |||| 00| 0 eng d
082 _a857.62 SCMS
100 _a山村美纱
245 _a魂断花道
_c
260 _a
_b林白出版社
_c
300 _b
490 _a推理小说系列. 9
650 _a推理小说
942 _cBK
_o857.62 SCMS
999 _c47719
_d47709